Úvod do teórie policajného manažmentu

Bibliographic Details
Main Author: Kráčmar, Jan (Author)
Format: Book
Language:Slovak
PhysicalDescription:116 strán schémy, tabuľky 21 cm
Published: Bratislava Akadémia Policajného zboru 2003
ISBN:8080542775
Edition:1. vyd.
Subjects:

MARC

LEADER 00000cam a2200000 a 4500
001 vtls001474670
003 SK-MaSNL
005 20260302002843.0
008 240226s2003 xo l frn 001 0 slo
015 |a SNBA2004/08-04860 
020 |a 8080542775  |q (viazané) 
035 |a SNK000429971 
035 |a urn:nbn:sk:snk-am3ixp6 
035 |a 6A2841A8-7355-4DF0-8A72-4DA5D63D378E 
035 |a urn:nbn:sk:snk-am00g60g 
040 |a SNK  |b slo  |c SNK  |e AACR2 
041 0 |a slo 
044 |a xo  |c SK 
072 7 |a 005  |x Manažment. Riadenie  |2 konspekt 
072 7 |a 351  |x Úlohy verejnej správy, správne opatrenia. Legislatíva  |2 konspekt 
080 |a 351.74:005  |2 1997 
080 |a 005  |2 1997 
080 |a 351.74  |2 2011 
080 |a 351.74:005  |2 2001 
080 |a (048.8)  |2 2011 
100 1 |a Kráčmar, Jan  |4 aut  |9 27528 
245 1 0 |a Úvod do teórie policajného manažmentu  |c Jan Kráčmar 
250 |a 1. vyd. 
260 |a Bratislava  |b Akadémia Policajného zboru  |c 2003 
300 |a 116 strán  |b schémy, tabuľky  |c 21 cm 
366 |e 100 kusov 
500 |a Obsahuje poznámky 
504 |a Bibliografia na strane 109-113 ; obsahuje register 
650 0 7 |a polícia  |2 SNKPH  |9 1673 
650 0 7 |a policajný manažment  |2 SNKPH  |9 4054 
655 7 |a monografie  |2 SNKPH  |9 70139 
919 |a 80-8054-277-5 
958 |a TL 
958 |a NB 
958 |a OND 
999 |c 989643  |d 991573 
952 |t P60, <03>, [BOOK], {603}  |a SNK  |b SNK  |y PREZ  |7 0  |p 17A0428792  |o snkSC 115782  |i snkKSP 6328/2004  |0 0  |1 0  |4 0  |d 2004-05-12  |f 1  |l 0  |r 2025-10-16 00:00:00  |w 2026-02-24 
952 |t snkKRA 351.74  |a SNKUST  |b SNKUST  |y PREZ  |7 0  |p 17A0428791  |o snkSC 115782 D1  |i snkKSP 6329/2004  |0 0  |1 0  |4 0  |d 2004-05-12  |l 0  |r 2025-03-21 00:00:00  |w 2026-02-24